| 000 | 00427cam a2200169ua 4500 | ||
|---|---|---|---|
| 003 | OSt | ||
| 008 | 250207b |||||||| |||| 00| 0 eng d | ||
| 020 | _a0 07 460482 1 | ||
| 041 | _aeng | ||
| 082 |
_a005.42 _bDON/SY |
||
| 100 |
_aDonovan, John J . _97107 |
||
| 245 | _aSystems programming / | ||
| 250 | _a1 / | ||
| 260 |
_aNew Delhi : _bTata Mc-Graw Hill Publishing Company , _c1991. |
||
| 300 | _a488 ; . | ||
| 942 | _cBK | ||
| 999 |
_c9805 _d9805 |
||